La izquierda traicionada : (Record no. 126566)

MARC details
000 -LEADER
campo de control de longitud fija 01705nam a22002297a 4500
003 - IDENTIFICADOR DE NÚMERO DE CONTROL
campo de control BJBSDDR
005 - FECHA Y HORA DE LA ÚLTIMA TRANSACCIÓN
campo de control 20260310151419.0
007 - CAMPO FIJO DE DESCRIPCIÓN FÍSICA--INFORMACIÓN GENERAL
campo de control de longitud fija ta
008 - DATOS DE LONGITUD FIJA--INFORMACIÓN GENERAL
campo de control de longitud fija 260310s2023 sp ||||| |||| 00| 0 spa d
020 ## - NÚMERO INTERNACIONAL ESTÁNDAR DEL LIBRO
Número Internacional Estándar del Libro 9788411002127
020 ## - NÚMERO INTERNACIONAL ESTÁNDAR DEL LIBRO
Número Internacional Estándar del Libro 8411002128
040 ## - FUENTE DE CATALOGACIÓN
Lengua de catalogación spa
Centro/agencia transcriptor BJBSDDR
041 ## - CÓDIGO DE IDIOMA
Código de lengua del texto/banda sonora o título independiente spa
050 ## - SIGNATURA TOPOGRÁFICA DE LA BIBLIOTECA DEL CONGRESO
Número de ítem V181 2023
100 1# - ENTRADA PRINCIPAL--NOMBRE DE PERSONA
Nombre de persona Valle, Guillermo del
9 (RLIN) 47431
245 13 - MENCIÓN DEL TÍTULO
Título La izquierda traicionada :
Resto del título razones contra la resignación /
Mención de responsabilidad, etc. Guillermo del Valle
260 ## - PUBLICACIÓN, DISTRIBUCIÓN, ETC.
Lugar de publicación, distribución, etc. Barcelona :
Nombre del editor, distribuidor, etc. Península,
Fecha de publicación, distribución, etc. 2023
300 ## - DESCRIPCIÓN FÍSICA
Extensión 288 páginas ;
Dimensiones 23 cm
520 ## - RESUMEN, ETC.
Sumario, etc. Según Guillermo del Valle, existe una doble amenaza que poco a poco ha ido destruyendo a una izquierda española cada vez más alejada de sus valores. Por un lado, el fundamentalismo de mercado que se ha inmiscuido hasta tal punto en los partidos progresistas que cuesta distinguir su discurso del de la derecha. Todo ello al mismo tiempo que la amenaza de la economía digital se cierne sobre millones de trabajadores, que el capital sigue concentrándose y que las desigualdades acrecentándose. Y por el otro lado, el identitarismo, un individualismo extremo que se empecina en sacralizar todas y cada una de las identidades que afloran en el mundo, sean religiosas, tribales, irracionalistas, o la peor de todas y más común en nuestro país, el nacionalismo. Este libro es ante todo una crítica a la izquierda desde la propia izquierda, un ensayo que señala las contradicciones persistentes en las que caen los partidos progresistas españoles y que, con argumentos sólidos, aboga por nuevos planteamientos que devuelvan a la socialdemocracia hacia la senda de la libertad y de la igualdad
942 ## - ELEMENTOS DE ENTRADA SECUNDARIOS (KOHA)
Fuente del sistema de clasificación o colocación Clasificación de Library of Congress
Suprimir en OPAC No
Tipo de ítem Koha Libro
946 ## - PROCESAMIENTO DE INFORMACIÓN LOCAL (OCLC)
Iniciales del agente catalogador cmc
Holdings
Estatus retirado Estado de pérdida Fuente del sistema de clasificación o colocación Estado de daño No para préstamo Colección Biblioteca de origen Biblioteca actual Ubicación en estantería Fecha de adquisición Signatura topográfica completa Código de barras Visto por última vez Copia número Tipo de ítem Koha
    Clasificación de Library of Congress     Automatización y Procesos Técnicos Biblioteca Juan Bosch Biblioteca Juan Bosch Automatización y Procesos Técnicos (1er. Piso) 10/03/2026 V181 2023 00000198813 10/03/2026 1 Libro